| 000 | 00545nam a2200205 a 4500 | ||
|---|---|---|---|
| 001 | 3173 | ||
| 003 | CDMR | ||
| 005 | 20131202134405.0 | ||
| 008 | 130130s1971||||||||||||||||||||||||||||d | ||
| 020 | _a225000479X | ||
| 040 |
_aCDMR _bcat _cCDMR |
||
| 100 | 1 |
_aKientz, Albert _92222 |
|
| 245 | 1 | 0 |
_aPour analyser les media _b: l'analyse de contenu _cAlbert Kientz |
| 250 | _a2a ed. | ||
| 260 |
_aParis _c1971 _bMaison Mame |
||
| 300 | _a175 p. | ||
| 490 | 0 | _aMedium (Mame) | |
| 650 |
_94097 _aAnàlisi de contingut (Comunicació) |
||
| 942 |
_cMON _2udc |
||
| 999 |
_c3173 _d3173 |
||